| 000 | 00984nam a22002297a 4500 | ||
|---|---|---|---|
| 999 |
_c7822 _d7822 |
||
| 003 | AR-CdUCM | ||
| 008 | 190321b ||||| |||| 00| 0 spa d | ||
| 040 |
_aMUNICIPALIDAD PROVINCIAL DEL CUSCO _cBIBLIOTECA MUNICIPAL DEL CUSCO |
||
| 082 |
_a632.5 / _bF97 |
||
| 100 |
_aFurtick, W. R. _922117 |
||
| 245 |
_aManual de métodos de investigación de maleza : _bseñalando la importancia del establecimiento de nuevos programas / |
||
| 260 |
_aMéxico : _bAlianza para el progreso, _c1973. |
||
| 300 |
_a82 páginas ; _bfotografías, _c22 cm. |
||
| 505 | _aContenido: Practicas de cultivo -- Procedimientos experimentales -- Métodos de aplicación -- Evaluación del control de la maleza -- Evaluación de cultivo -- Substancias químicas. | ||
| 650 |
_aMalezas _922118 |
||
| 650 |
_aControl de maleza _922119 |
||
| 650 |
_aAspectos económicos _9261 |
||
| 650 |
_aHerbicidas _922120 |
||
| 710 |
_aCentro Regional de ayuda Técnica - AID _921728 |
||
| 942 |
_2ddc _cLIBROS |
||
| 945 | _aachl | ||